1214 1605 1325 1372 1984 1256 1598 1901 1804 1915 1754 1171 1030 1542 1164 1185 1507 1222 1962 1245 1505 1107 1596 1969 1838 1800 1354 1365 1250 1143 1946 1793 1118 1284 1610 1025 1031 1217 1140 1027 1069 1570 1800 1810 1841 1464 1280 1239 1272 1478 1053 1997 1636 1713 1400 1755 1568 1894 1258 1417 1656 1886 1138 1334 1648 1292 1316 1787 1503 1729 1239 1373 1808 1174 1970 1164 1474 1561 1175 1022 1709 1524 1604 1977 1810 1010 1188 1857 1650 1061 1624 1245 1277 1710 1702 1275 1047 1435 1110 BCNSPRNW ULIB Ver.6.0+V

เปลี่ยนเป็นภาษาไทย

Change to English
 แสดงรายละเอียดบรรณานุกรม
  กลับหน้าหลัก

Brief Record : Get Marc (ISO 2709) : E-mail record : QR code < ปิดหน้าต่าง
LEADER : 00000nam 2200000uu 4500
001    13399112233
003     ULIB
008    110801s2546||||th 000 0 tha d
020    9749166043
020    9789749166048
040    brv
050  4 HD4912.T5^bธ13ก 2546
100 0  ธงชัย สันติวงษ์
245 10 การบริหารค่าตอบแทน =^bCompensation Management /^cธงชัย สันติวงษ์
246 31 Compensation Management
250    พิมพ์ครั้งที่ 6
260    กรุงเทพฯ :^bบริษัท ประชุมช่าง จำกัด,^c2546
300    336 หน้า :^bภาพประกอบ ;^c24 ซม.
650  4 การบริหารค่าตอบแทน
650  4 ค่าจ้าง
945    ^p280^l0^i016947
945    ^p280^l0^i016948
995    ทศพร
999 ^a ทศพร
รายการนี้ยังไม่มีแท็ก
คุณยังไม่ได้ล็อกอิน คุณสามารถมีกิจกรรมร่วมกับเว็บไซต์ได้ แต่ต้องล็อกอินก่อน ::
  ล็อกอิน

รายการสื่อสารสนเทศ

ลำดับที่ ประเภท เลขเรียก/บาร์โค้ด สถานที่ สถานะ
- ไม่พบข้อมูล -

รายการใกล้เคียง
    ผู้แต่ง [ธงชัย สันติวงษ์]

    หัวเรื่อง [การบริหารค่าตอบแทน]
    หัวเรื่อง [ค่าจ้าง]

BibComment


ยังไม่เคยถูกคอมเมนท์

คอมเมนท์ทรัพยากรรายการนี้
  คอมเมนท์: การบริหารค่าตอบแท..


 Copyright 2026. Bcnsprnw @Library